[Event "Salon de Provence op 6th"]
[Site "Salon de Provence"]
[Date "2015.07.04"]
[Round "8"]
[White "Faure, Alexandre"]
[Black "Joubert, Leo"]
[Result "1-0"]
[WhiteElo "2006"]
[BlackElo "1843"]
[PlyCount "69"]
[EventDate "2015.07.04"]
[EventType "swiss"]
[EventRounds "9"]
[EventCountry "FRA"]
[SourceTitle "EXT 2016"]
[Source "ChessBase"]
[SourceDate "2015.10.08"]
[SourceVersion "1"]
[SourceVersionDate "2015.10.08"]
[SourceQuality "1"]

1. e4 c5 2. c3 g6 3. d4 cxd4 4. cxd4 d5 5. e5 Bg7 6. h3 Nc6 7. Nf3 Bf5 8. Nc3 Be4 9. Bb5 Nh6 10. 0-0 0-0 11. Ng5 Bf5 12. Be3 f6 13. exf6 exf6 14. Nf3 Be6 15. Rc1 Nf5 16. Bf4 Nd6 17. Bxc6 bxc6 18. Na4 Rc8 19. Nc5 Bf7 20. Qa4 Ne4 21. Rfe1 Nxc5 22. Rxc5 Qd7 23. Ra5 Ra8 24. Rc1 Rfc8 25. Ra6 Be8 26. Rc5 Qb7 27. Rca5 Qxb2 28. Rxa7 Rxa7 29. Rxa7 c5 30. Qa6 Qb1+ 31. Kh2 Qf5 32. Qb7 Qxf4+ 33. g3 Rc7 34. Qxd5+ Bf7 35. Qd8+ 1-0

[Event "FRA-ch op"]
[Site "Nimes"]
[Date "2014.08.18"]
[Round "2"]
[White "Faure, Alexandre"]
[Black "Gambini, Stephane"]
[Result "1/2-1/2"]
[WhiteElo "1901"]
[BlackElo "1996"]
[PlyCount "86"]
[EventDate "2014.08.17"]
[EventType "swiss"]
[EventRounds "11"]
[EventCountry "FRA"]
[SourceTitle "EXT 2015"]
[Source "ChessBase"]
[SourceDate "2014.11.20"]
[SourceVersion "1"]
[SourceVersionDate "2014.11.20"]
[SourceQuality "1"]

1. e4 c5 2. c3 d5 3. exd5 Qxd5 4. d4 Nc6 5. Nf3 Bg4 6. dxc5 Qxc5 7. Be3 Qf5 8. Be2 Nf6 9. Qa4 Qa5 10. Qb3 Qc7 11. Na3 e6 12. 0-0-0 Be7 13. Nb5 Qb8 14. Nbd4 Nxd4 15. Bxd4 0-0 16. h3 Bf5 17. Be5 Qc8 18. Bd3 Bxd3 19. Rxd3 Ne4 20. Qc2 Bc5 21. Bd4 Qc7 22. Re3 Nf6 23. Bxc5 Qxc5 24. Re5 Qb6 25. Rd1 Rfd8 26. Nd4 Nd5 27. Re4 Rac8 28. Nb3 a5 29. a3 Qc7 30. Red4 b5 31. Kb1 b4 32. axb4 axb4 33. c4 Nf6 34. Rxd8+ Rxd8 35. Rxd8+ Qxd8 36. Qd2 Qb8 37. f3 h6 38. Nc1 Qe5 39. Qxb4 Qf5+ 40. Ka2 Qc2 41. Qc3 Qxg2 42. Nb3 Qxh3 43. c5 Nd5 1/2-1/2

[Event "Salon de Provence op 5th"]
[Site "Salon de Provence"]
[Date "2014.07.10"]
[Round "6"]
[White "Faure, Alexandre"]
[Black "Milchev, Nikolay"]
[Result "0-1"]
[WhiteElo "1875"]
[BlackElo "2424"]
[PlyCount "62"]
[EventDate "2014.07.05"]
[EventType "swiss"]
[EventRounds "9"]
[EventCountry "FRA"]
[SourceTitle "EXT 2015"]
[Source "ChessBase"]
[SourceDate "2014.11.20"]
[SourceVersion "1"]
[SourceVersionDate "2014.11.20"]
[SourceQuality "1"]

1. e4 d5 2. exd5 Qxd5 3. Nc3 Qd6 4. d4 Nf6 5. Nf3 g6 6. h3 Bg7 7. Bd3 0-0 8. 0-0 a6 9. Ne2 Nh5 10. c3 c5 11. Be3 cxd4 12. Nexd4 Rd8 13. Bc2 Qc7 14. Qe2 e5 15. Nb3 Be6 16. Rfd1 Nd7 17. Ng5 Bc4 18. Bd3 Bxd3 19. Rxd3 Nhf6 20. f3 h6 21. Ne4 Nxe4 22. fxe4 Nf6 23. Rad1 Nxe4 24. Bxh6 Rxd3 25. Qxd3 Nxc3 26. Rc1 Bxh6 27. Rxc3 Qb6+ 28. Kh1 Qf2 29. Qf3 Qe1+ 30. Kh2 e4 31. Qg4 Qf2 0-1

[Event "Bouches du Rhone-ch 1314"]
[Site "Vitrolles"]
[Date "2014.01.18"]
[Round "5"]
[White "Girard, Jean Pierre"]
[Black "Faure, Alexandre"]
[Result "1-0"]
[WhiteElo "1843"]
[BlackElo "1884"]
[PlyCount "125"]
[EventDate "2013.10.05"]
[EventType "tourn"]
[EventRounds "7"]
[EventCountry "FRA"]
[SourceTitle "EXT 2015"]
[Source "ChessBase"]
[SourceDate "2014.11.20"]
[SourceVersion "1"]
[SourceVersionDate "2014.11.20"]
[SourceQuality "1"]

1. e4 e6 2. d4 d5 3. Nd2 Nf6 4. e5 Nfd7 5. Bd3 c5 6. c3 Nc6 7. Ne2 Qb6 8. Nf3 f6 9. exf6 Nxf6 10. 0-0 Bd6 11. a3 cxd4 12. cxd4 0-0 13. Ng3 Bd7 14. Be3 Qxb2 15. Rb1 Qxa3 16. Rxb7 Nb4 17. Bb1 Bc6 18. Rxb4 Qxb4 19. Ng5 Rae8 20. Nh5 h6 21. Nxf6+ Rxf6 22. Nh7 Rf7 23. Bg6 Rfe7 24. Qg4 e5 25. Bxe8 Bxe8 26. Nf6+ Kh8 27. Nxd5 Bd7 28. Qf3 Qb8 29. Nxe7 Bxe7 30. dxe5 Qxe5 31. Bxa7 Bb5 32. Rb1 Bd6 33. g3 Bc4 34. Qe3 Qf5 35. Rd1 Be5 36. Bd4 Bxd4 37. Qxd4 Bf7 38. Qd8+ Kh7 39. Qd3 Bg6 40. Qxf5 Bxf5 41. f4 h5 42. Rd5 g6 43. Re5 Bh3 44. Kf2 Kg7 45. Ke3 Kf6 46. Ke4 Bg2+ 47. Kd4 Bh3 48. Kd5 Bg2+ 49. Kd6 Bh3 50. Kc7 Bg4 51. Kd8 Bh3 52. Ke8 Bg4 53. Kf8 Bh3 54. Kg8 Bf5 55. Kh7 Bd3 56. Kh6 Bc2 57. Rg5 Bd3 58. h3 Bf5 59. g4 hxg4 60. hxg4 Bd3 61. Rc5 Be4 62. Rb5 Bf3 63. Rb6+ 1-0

[Event "Provence-ch 1213"]
[Site "Provence"]
[Date "2013.07.09"]
[Round "5"]
[White "Massardo, Quentin"]
[Black "Faure, Alexandre"]
[Result "0-1"]
[WhiteElo "1759"]
[BlackElo "1872"]
[PlyCount "114"]
[EventDate "2013.07.06"]
[EventType "swiss"]
[EventRounds "9"]
[EventCountry "FRA"]
[SourceTitle "EXT 2015"]
[Source "ChessBase"]
[SourceDate "2014.11.20"]
[SourceVersion "1"]
[SourceVersionDate "2014.11.20"]
[SourceQuality "1"]

1. d4 Nf6 2. c4 g6 3. Nf3 Bg7 4. g3 0-0 5. Bg2 d5 6. 0-0 c6 7. cxd5 cxd5 8. Nc3 Ne4 9. Nxe4 dxe4 10. Ne5 Qd5 11. Bf4 f6 12. Nd3 Nc6 13. Nc5 f5 14. Nb3 Rd8 15. e3 Bf6 16. Rc1 g5 17. Bc7 Rd7 18. Rc5 Qe6 19. d5 Qf7 20. Bh3 Bg7 21. Re1 Nb4 22. Bf1 b6 23. Rb5 Nxd5 24. Bc4 e6 25. Bxd5 exd5 26. Qc2 Rxc7 27. Qd2 Bb7 28. a4 Rac8 29. a5 Rc2 30. Qb4 Bf8 31. Qd4 R2c4 32. Qe5 Bc6 33. axb6 Bxb5 34. bxa7 R4c7 35. Nd4 Bg7 36. Qd6 Bxd4 37. exd4 Rxa7 38. h4 gxh4 39. Re3 Rc1+ 40. Kg2 h3+ 41. Kh2 Raa1 42. Qd8+ Be8 43. g4 Rh1+ 44. Kg3 f4+ 45. Kh4 fxe3 46. Qg5+ Kf8 47. Qh6+ Ke7 48. Qxe3 Qf6+ 49. g5 Qg6 50. Qd2 Qh5+ 51. Kg3 Rag1+ 52. Kf4 Qf3+ 53. Ke5 Qb3 54. f4 Qb8+ 55. Kxd5 Qd6+ 56. Kxe4 Bg6+ 57. Kf3 Qd5+ 0-1

[Event "Vitrolles-ch 13th"]
[Site "Vitrolles"]
[Date "2013.03.09"]
[Round "8"]
[White "Faure, Alexandre"]
[Black "Anton, Jose"]
[Result "1/2-1/2"]
[WhiteElo "1815"]
[BlackElo "1890"]
[PlyCount "65"]
[EventDate "2012.03.09"]
[EventType "swiss"]
[EventRounds "9"]
[EventCountry "FRA"]
[SourceTitle "EXT 2014"]
[Source "ChessBase"]
[SourceDate "2013.11.20"]
[SourceVersion "1"]
[SourceVersionDate "2013.11.20"]
[SourceQuality "1"]

1. e4 e5 2. Nf3 Nc6 3. d4 exd4 4. Nxd4 Qh4 5. Nc3 Bb4 6. Be2 Qxe4 7. Ndb5 Nf6 8. 0-0 Bxc3 9. bxc3 Kd8 10. Be3 Nd5 11. Bc5 Qe5 12. Bd4 Nxd4 13. cxd4 Qg5 14. Bf3 d6 15. h4 Qf5 16. g4 Qf4 17. Bxd5 Bxg4 18. f3 Qg3+ 19. Kh1 Qh3+ 20. Kg1 Qg3+ 21. Kh1 Qxh4+ 22. Kg1 Qg3+ 23. Kh1 Qh4+ 24. Kg1 Bh3 25. f4 Bxf1 26. Qxf1 c6 27. Nxd6 cxd5 28. Nxf7+ Ke7 29. Nxh8 Qg3+ 30. Kh1 Qh4+ 31. Kg1 Qg3+ 32. Kh1 Qh4+ 33. Kg1 1/2-1/2

[Event "Salon de Provence op 3rd"]
[Site "Salon de Provence"]
[Date "2008.04.18"]
[Round "7"]
[White "Petit, Michel"]
[Black "Faure, Alexandre"]
[Result "0-1"]
[WhiteElo "1390"]
[BlackElo "1099"]
[PlyCount "90"]
[EventDate "2008.04.14"]
[EventType "swiss"]
[EventRounds "7"]
[EventCountry "FRA"]
[SourceTitle "CBM 123 Extra"]
[Source "ChessBase"]
[SourceDate "2008.05.06"]
[SourceVersion "1"]
[SourceVersionDate "2008.05.06"]
[SourceQuality "1"]

1. c4 e5 2. g3 Nf6 3. Bg2 d5 4. a3 Nc6 5. b3 Bf5 6. e3 Be7 7. h3 0-0 8. Bb2 Qd7 9. Nf3 e4 10. Ne5 Nxe5 11. Bxe5 Rfe8 12. Nc3 c5 13. Rb1 d4 14. Nb5 Bd8 15. exd4 cxd4 16. Bf4 Re6 17. a4 e3 18. d3 Qe7 19. Nxd4 exf2+ 20. Kxf2 Bb6 21. Kf1 Bxd4 22. Bf3 Bc3 23. Kg2 Rd8 24. g4 Bxd3 25. Rc1 Bb2 26. g5 Ne4 27. Bg4 Bxc1 28. Bxe6 Bxf4 29. Qg4 Qxg5 30. Qxg5 Nxg5 31. Bg4 Be4+ 32. Kf2 Bxh1 33. h4 Ne4+ 34. Ke2 Rd2+ 35. Ke1 Bg3+ 36. Kf1 Bxh4 37. c5 Bg2+ 38. Kg1 Nc3 39. c6 bxc6 40. a5 Bg3 41. a6 Rf2 42. b4 f5 43. Bd1 Nxd1 44. b5 Nc3 45. bxc6 Ne2# 0-1

[Event "Salon de Provence op 3rd"]
[Site "Salon de Provence"]
[Date "2008.04.17"]
[Round "6"]
[White "Faure, Alexandre"]
[Black "Pasquali, Dominique"]
[Result "0-1"]
[WhiteElo "1099"]
[BlackElo "1930"]
[PlyCount "68"]
[EventDate "2008.04.14"]
[EventType "swiss"]
[EventRounds "7"]
[EventCountry "FRA"]
[SourceTitle "CBM 123 Extra"]
[Source "ChessBase"]
[SourceDate "2008.05.06"]
[SourceVersion "1"]
[SourceVersionDate "2008.05.06"]
[SourceQuality "1"]

1. e4 d5 2. Nc3 d4 3. Nb5 c5 4. Bc4 Nc6 5. d3 Nf6 6. Nf3 a6 7. Na3 Bg4 8. Bf4 e5 9. Bg5 h6 10. Bd2 Be7 11. h3 Bh5 12. g4 Bg6 13. Nh4 Bh7 14. Qf3 b5 15. Bb3 c4 16. dxc4 Bxe4 17. Qe2 Bxh1 18. cxb5 axb5 19. f3 e4 20. Qxb5 Qd7 21. Ba4 Rxa4 22. Qxa4 0-0 23. Qb3 e3 24. 0-0-0 exd2+ 25. Kxd2 Nd5 26. Nf5 Bxf3 27. Nxe7+ Qxe7 28. Qxf3 Qg5+ 29. Ke1 Re8+ 30. Kf1 Ne3+ 31. Kf2 Nxd1+ 32. Qxd1 Qf4+ 33. Kg2 Re3 34. Qd2 Rg3+ 0-1

[Event "Salon de Provence op 3rd"]
[Site "Salon de Provence"]
[Date "2008.04.16"]
[Round "4"]
[White "Maisonnet, Emmanuel"]
[Black "Faure, Alexandre"]
[Result "1-0"]
[WhiteElo "1670"]
[BlackElo "1099"]
[PlyCount "101"]
[EventDate "2008.04.14"]
[EventType "swiss"]
[EventRounds "7"]
[EventCountry "FRA"]
[SourceTitle "CBM 123 Extra"]
[Source "ChessBase"]
[SourceDate "2008.05.06"]
[SourceVersion "1"]
[SourceVersionDate "2008.05.06"]
[SourceQuality "1"]

1. d4 d5 2. c4 Nf6 3. Nc3 Bf5 4. Nf3 e6 5. Ne5 Be7 6. Qa4+ c6 7. cxd5 exd5 8. Qb3 Qc7 9. Bf4 Bd6 10. Rc1 Qb6 11. Nc4 dxc4 12. Qxb6 axb6 13. Bxd6 Nbd7 14. e3 Ne4 15. Nxe4 Bxe4 16. a3 b5 17. Kd2 Nb6 18. f3 Bd3 19. Bxd3 cxd3 20. Kxd3 Nc4 21. Bc5 Nxb2+ 22. Kc3 Na4+ 23. Kb3 Nxc5+ 24. dxc5 0-0 25. Rhd1 Rfd8 26. Rd6 f5 27. e4 fxe4 28. fxe4 Re8 29. Re1 Re5 30. Kb4 Ra4+ 31. Kb3 Raxe4 32. Rxe4 Rxe4 33. Rd7 Re2 34. Rxb7 Rxg2 35. Rc7 Rg6 36. Kb4 Kf8 37. Ka5 Ke8 38. Kb6 Kd8 39. Rxc6 Rxc6+ 40. Kxc6 g5 41. Kb7 h5 42. c6 Ke7 43. c7 Kf6 44. c8Q Ke5 45. Kc6 Kf4 46. Kd5 Kf3 47. Qc3+ Kg2 48. Qd2+ Kh3 49. Ke4 h4 50. Qxg5 b4 51. Kf3 1-0